[Event "CMA Futurity qualifier"]
[Site "Toronto CAN"]
[Date "2002.07.27"]
[Round "2"]
[White "Lucki, Arnie"]
[Black "Buscar, Michael"]
[Result "0-1"]
[WhiteElo "1873"]
[BlackElo "2060"]
[PlyCount "80"]
[EventDate "2002.07.26"]
[EventType "swiss"]
[EventRounds "5"]
[EventCountry "CAN"]

1. e4 e5 2. Nc3 Nf6 3. Bc4 Bc5 4. d3 d6 5. Nf3 h6 6. h3 Nc6 7. Na4 Bb6 8. Nxb6
axb6 9. a3 Qe7 10. Qe2 Be6 11. c3 Bxc4 12. dxc4 Qe6 13. b4 Ne7 14. O-O O-O 15.
Nh4 Nd7 16. g4 Ng6 17. Nf5 Nf4 18. Bxf4 exf4 19. Nd4 Qe5 20. Rfd1 Nf6 21. f3
Rfd8 22. Qh2 c6 23. Ne2 d5 24. cxd5 cxd5 25. Qxf4 Qxf4 26. Nxf4 dxe4 27. fxe4
Nxe4 28. Nd5 b5 29. Kg2 Rd7 30. Kf3 Ng5+ 31. Kg2 Rad8 32. Ne7+ Kf8 33. Rxd7
Rxd7 34. Nc8 Rd2+ 35. Kg3 Rd3+ 36. Kf4 Nxh3+ 37. Ke5 f6+ 38. Ke6 Ng5+ 39. Kf5
Kf7 40. Kf4 Rf3# 0-1

[Event "CMA Futurity qualifier"]
[Site "Toronto CAN"]
[Date "2002.07.27"]
[Round "2"]
[White "Noritsyn, Nikolay"]
[Black "Miller, Evgeny"]
[Result "0-1"]
[WhiteElo "2065"]
[BlackElo "2191"]
[PlyCount "64"]
[EventDate "2002.07.26"]
[EventType "swiss"]
[EventRounds "5"]
[EventCountry "CAN"]

1. e4 c6 2. d4 d5 3. e5 Bf5 4. Ne2 e6 5. Ng3 Bg6 6. h4 h6 7. h5 Bh7 8. Bd3 Bxd3
9. Qxd3 Nd7 10. O-O c5 11. c3 Qb6 12. b3 Ne7 13. Be3 Nc6 14. Nd2 Be7 15. Qe2
cxd4 16. cxd4 O-O 17. Qg4 f5 18. exf6 Rxf6 19. Nf3 Bd6 20. Rae1 Qc7 21. Bxh6
Rxh6 22. Rxe6 Nf6 23. Qg5 Bf4 24. Qf5 Bxg3 25. fxg3 Qxg3 26. Rfe1 Rxh5 27. Qd3
Ne4 28. Qe3 Rf8 29. Rc1 Rxf3 30. Qxf3 Qh2+ 31. Kf1 Nd2+ 32. Ke2 Nxf3 0-1

[Event "CMA Futurity qualifier"]
[Site "Toronto CAN"]
[Date "2002.07.27"]
[Round "2"]
[White "Radulovic, Dusko"]
[Black "Findlay, Ian"]
[Result "1/2-1/2"]
[WhiteElo "2300"]
[BlackElo "2382"]
[PlyCount "90"]
[EventDate "2002.07.26"]
[EventType "swiss"]
[EventRounds "5"]
[EventCountry "CAN"]

1. d4 Nf6 2. Nf3 c5 3. c3 e6 4. e3 b6 5. Bd3 Be7 6. O-O Ba6 7. Bxa6 Nxa6 8. e4
cxd4 9. cxd4 Nc7 10. Ne5 O-O 11. f3 Nb5 12. Kh1 Qc7 13. a4 Nd6 14. Na3 Nfe8 15.
Nd3 f5 16. e5 Nc4 17. Nb5 Qb7 18. Qb3 Rc8 19. Nc3 Qa6 20. Qb5 Qb7 21. Rd1 Na5
22. Nc5 bxc5 23. Qxa5 cxd4 24. Qb5 Qxb5 25. Nxb5 Bc5 26. Nxd4 Nc7 27. Ne2 Nd5
28. Nf4 Nxf4 29. Bxf4 Rc7 30. Rd3 Bb4 31. Rad1 Rf7 32. Bd2 Bxd2 33. R3xd2 Kf8
34. Kg1 Ke7 35. h4 Rf8 36. b4 Rfc8 37. Rd6 Rb7 38. b5 Rc2 39. Ra6 Rbc7 40. Rd4
Re2 41. f4 Rcc2 42. Rxa7 Rxg2+ 43. Kf1 Rh2 44. Kg1 Rcg2+ 45. Kf1 Rc2 1/2-1/2

[Event "CMA Futurity qualifier"]
[Site "Toronto CAN"]
[Date "2002.07.27"]
[Round "2"]
[White "Raheb, David"]
[Black "Ochkoos, Jura"]
[Result "0-1"]
[WhiteElo "2212"]
[BlackElo "2329"]
[PlyCount "84"]
[EventDate "2002.07.26"]
[EventType "swiss"]
[EventRounds "5"]
[EventCountry "CAN"]

1. e4 e5 2. Nf3 Nc6 3. Bb5 a6 4. Ba4 f5 5. d3 d6 6. Nbd2 Nf6 7. c3 Be7 8. Bc2
O-O 9. h3 Kh8 10. Nc4 Qe8 11. exf5 Bxf5 12. Ne3 Be6 13. d4 exd4 14. Nxd4 Nxd4
15. Qxd4 Qf7 16. O-O c5 17. Qd3 d5 18. Nf5 Bd8 19. Ng3 Bb6 20. Bg5 c4 21. Qd2
Qd7 22. Qf4 Ne4 23. Qh4 Rxf2 24. Nxe4 Rf4+ 25. Qf2 Bxf2+ 26. Nxf2 Rf7 27. Be3
Bf5 28. Bd1 Qb5 29. Bh5 Bg6 30. Bxg6 hxg6 31. Ng4 Qxb2 32. Bd4 Rxf1+ 33. Rxf1
Kg8 34. Re1 Qa3 35. Re6 Kh7 36. Ne5 Rf8 37. Nxg6 Rf7 38. Ne5 Qc1+ 39. Kh2 Rf1
40. Ng6 Rh1+ 41. Kg3 Qg5+ 42. Kf2 Qxg6 0-1

[Event "CMA Futurity qualifier"]
[Site "Toronto CAN"]
[Date "2002.07.27"]
[Round "2"]
[White "Senecal, Jean-Pierre"]
[Black "Manalo, Pepin"]
[Result "1-0"]
[WhiteElo "1545"]
[BlackElo "1895"]
[PlyCount "97"]
[EventDate "2002.07.26"]
[EventType "swiss"]
[EventRounds "5"]
[EventCountry "CAN"]

1. e4 e5 2. c3 Nf6 3. d4 Nc6 4. d5 Ne7 5. Bd3 d6 6. Nf3 h6 7. O-O Bg4 8. Nbd2
Qd7 9. Bb5 Qxb5 10. a4 Qd3 11. Re1 g5 12. Re3 Qa6 13. b4 b5 14. Bb2 Bg7 15. Qe2
Bd7 16. c4 bxc4 17. b5 Qb7 18. Nxc4 Ng6 19. g3 O-O 20. Nfd2 Ng4 21. Rc3 f5 22.
Na5 Qb8 23. Nc6 Bxc6 24. Rxc6 Qc8 25. Rac1 fxe4 26. Nxe4 Rf7 27. f3 Nf6 28.
Nxd6 Qd8 29. Nxf7 Kxf7 30. Rxc7+ Kg8 31. Bxe5 Nxe5 32. Qxe5 Qxd5 33. Qe7 Qd4+
34. Kh1 Nd5 35. Qe6+ Kh8 36. Rd7 Qe3 37. Qxe3 Nxe3 38. Rcc7 Bf8 39. Rxa7 Rxa7
40. Rxa7 Bc5 41. Rb7 Bb4 42. Rd7 Ba5 43. Rd6 Kg7 44. b6 Kf8 45. Rxh6 Nd5 46. b7
Bc7 47. b8=Q+ Bxb8 48. Rh8+ Ke7 49. Rxb8 1-0

[Event "CMA Futurity qualifier"]
[Site "Toronto CAN"]
[Date "2002.07.27"]
[Round "2"]
[White "Vaingorten, Yaaqov"]
[Black "Divljan, Igor"]
[Result "0-1"]
[WhiteElo "2343"]
[BlackElo "2260"]
[PlyCount "52"]
[EventDate "2002.07.26"]
[EventType "swiss"]
[EventRounds "5"]
[EventCountry "CAN"]

1. d4 Nf6 2. c4 e6 3. Nf3 b6 4. Nc3 Bb4 5. Bg5 Bb7 6. e3 c5 7. Bd3 cxd4 8. exd4
h6 9. Bh4 Bxf3 10. Qxf3 Nc6 11. d5 Ne5 12. Qe2 Bxc3+ 13. bxc3 Nxd3+ 14. Qxd3
Qc7 15. O-O Qf4 16. Qd4 Qxd4 17. cxd4 exd5 18. Rfe1+ Kd8 19. Bxf6+ gxf6 20.
cxd5 Re8 21. Rxe8+ Kxe8 22. Re1+ Kf8 23. Kf1 Rc8 24. Ke2 Re8+ 25. Kd2 Rxe1 26.
Kxe1 Ke7 0-1

[Event "CMA Futurity qualifier"]
[Site "Toronto CAN"]
[Date "2002.07.27"]
[Round "3"]
[White "Boross Harmer, Peter"]
[Black "Raheb, David"]
[Result "0-1"]
[WhiteElo "2023"]
[BlackElo "2212"]
[PlyCount "56"]
[EventDate "2002.07.26"]
[EventType "swiss"]
[EventRounds "5"]
[EventCountry "CAN"]

1. d4 Nf6 2. Nf3 g6 3. g3 Bg7 4. Bg2 O-O 5. O-O d6 6. c3 Nbd7 7. Nbd2 c6 8. e4
e5 9. dxe5 dxe5 10. Qe2 Qc7 11. b3 Re8 12. Ba3 b6 13. Rad1 Bf8 14. Bxf8 Nxf8
15. Nc4 Ba6 16. Rd2 b5 17. Na3 Qa5 18. Nb1 b4 19. c4 Rad8 20. Rfd1 Ne6 21. Bh3
Rxd2 22. Qxd2 Nxe4 23. Qd7 Rd8 24. Bxe6 Rxd7 25. Bxd7 Qxa2 26. Nbd2 Qc2 27. Ra1
Nxd2 28. Ne1 Qxb3 0-1

[Event "CMA Futurity qualifier"]
[Site "Toronto CAN"]
[Date "2002.07.27"]
[Round "3"]
[White "Buscar, Michael"]
[Black "Senecal, Jean-Pierre"]
[Result "1-0"]
[WhiteElo "2060"]
[BlackElo "1545"]
[PlyCount "83"]
[EventDate "2002.07.26"]
[EventType "swiss"]
[EventRounds "5"]
[EventCountry "CAN"]

1. d4 Nf6 2. c4 e6 3. Nc3 d5 4. cxd5 exd5 5. Bg5 c6 6. Nf3 Bb4 7. e3 Bf5 8. Bd3
Bg4 9. O-O O-O 10. Be2 Nbd7 11. Qb3 Bxc3 12. bxc3 b6 13. Qc2 Qc8 14. Bf4 Re8
15. a4 c5 16. Ne5 Bxe2 17. Qxe2 Ne4 18. Rfc1 f6 19. Nxd7 Qxd7 20. Qb5 Qxb5 21.
axb5 c4 22. Ra6 Re6 23. Rc2 Nd6 24. Bxd6 Rxd6 25. Rca2 h5 26. Rxa7 Rxa7 27.
Rxa7 Kh7 28. f3 Kh6 29. Kf2 g5 30. Rc7 f5 31. Rc6 Rg6 32. e4 fxe4 33. fxe4 dxe4
34. Ke3 h4 35. Kxe4 Kh5 36. Rxg6 Kxg6 37. Ke5 g4 38. g3 Kg5 39. d5 hxg3 40.
hxg3 Kg6 41. Ke6 Kg7 42. d6 1-0

[Event "CMA Futurity qualifier"]
[Site "Toronto CAN"]
[Date "2002.07.27"]
[Round "3"]
[White "Lucki, Arnie"]
[Black "Noritsyn, Nikolay"]
[Result "0-1"]
[WhiteElo "1873"]
[BlackElo "2065"]
[PlyCount "60"]
[EventDate "2002.07.26"]
[EventType "swiss"]
[EventRounds "5"]
[EventCountry "CAN"]

1. e4 e5 2. Nc3 Nc6 3. f4 exf4 4. Nf3 Nf6 5. Bc4 d6 6. d4 Be7 7. O-O O-O 8.
Bxf4 Bg4 9. Qd2 Nxe4 10. Bxf7+ Rxf7 11. Nxe4 d5 12. Nfg5 Rf8 13. Nc5 Bxc5 14.
dxc5 h6 15. Nf3 Bxf3 16. Rxf3 d4 17. Rg3 Kh7 18. Qd3+ Kh8 19. Bxh6 gxh6 20. Qg6
Qf6 21. Qd3 Ne5 22. Qd2 Nc4 23. Qd3 Nxb2 24. Qd2 Nc4 25. Qd3 Ne5 26. Qd2 Qf4
27. Qe2 Rae8 28. Rh3 Ng4 29. Qf3 Qd2 30. Qg3 Re3 0-1

[Event "CMA Futurity qualifier"]
[Site "Toronto CAN"]
[Date "2002.07.27"]
[Round "3"]
[White "Manalo, Pepin"]
[Black "Sviridovitch, Alina"]
[Result "1-0"]
[WhiteElo "1895"]
[BlackElo "1802"]
[PlyCount "95"]
[EventDate "2002.07.26"]
[EventType "swiss"]
[EventRounds "5"]
[EventCountry "CAN"]

1. e4 c5 2. Nf3 e6 3. d4 cxd4 4. Nxd4 a6 5. a4 d6 6. Be3 Nf6 7. Nc3 Be7 8. Be2
Nbd7 9. Qd2 Qc7 10. O-O b6 11. f4 Bb7 12. Bf3 O-O 13. Nb3 Rac8 14. Rad1 Rfd8
15. Qf2 Nc5 16. Nxc5 dxc5 17. g4 Bf8 18. g5 Nd7 19. Rd2 Bd6 20. Bg4 Rf8 21.
Rfd1 Rcd8 22. Rxd6 Bc8 23. e5 Rfe8 24. Qg3 Kh8 25. h4 Nb8 26. Ne4 Bd7 27. b3
Nc6 28. c3 Kg8 29. Bf3 Kh8 30. Kf2 Ne7 31. Bg4 Nd5 32. Bc1 c4 33. bxc4 Qxc4 34.
Rd4 Qc7 35. c4 Nb4 36. Qb3 Nc6 37. Rd3 Re7 38. Ba3 Ree8 39. Qd1 Nb8 40. c5 bxc5
41. Nxc5 Re7 42. Kg3 Qa7 43. Bf3 Kg8 44. Nb7 Rde8 45. Bc5 Qa8 46. Nd8 Nc6 47.
Bxc6 Bxc6 48. Nxc6 1-0

[Event "CMA Futurity qualifier"]
[Site "Toronto CAN"]
[Date "2002.07.27"]
[Round "3"]
[White "Miller, Evgeny"]
[Black "Findlay, Ian"]
[Result "0-1"]
[WhiteElo "2191"]
[BlackElo "2382"]
[PlyCount "78"]
[EventDate "2002.07.26"]
[EventType "swiss"]
[EventRounds "5"]
[EventCountry "CAN"]

1. e4 c5 2. Nf3 d6 3. c3 Nf6 4. e5 dxe5 5. Nxe5 Nbd7 6. Nxd7 Bxd7 7. d4 e6 8.
Be3 Bc6 9. dxc5 Qxd1+ 10. Kxd1 O-O-O+ 11. Ke1 Ng4 12. b4 Be7 13. Bd2 Bh4 14.
Ke2 Nxf2 15. Rg1 Ne4 16. g3 Bf6 17. Be1 Ng5 18. Bg2 Bb5+ 19. Kf2 Bd3 20. Ke3 h5
21. Na3 Be7 22. h4 Nh7 23. Rd1 Bf5 24. Rxd8+ Rxd8 25. Nb5 a6 26. Nd4 Bg6 27. c6
b5 28. a4 Nf6 29. axb5 e5 30. Bh3+ Ng4+ 31. Bxg4+ hxg4 32. b6 exd4+ 33. cxd4
Rd6 34. b5 Re6+ 35. Kf2 axb5 36. d5 Bc5+ 37. Kf1 Bd3+ 38. Kg2 Re2+ 39. Kh1 Be4+
0-1

[Event "CMA Futurity qualifier"]
[Site "Toronto CAN"]
[Date "2002.07.27"]
[Round "3"]
[White "Ochkoos, Jura"]
[Black "Divljan, Igor"]
[Result "1/2-1/2"]
[WhiteElo "2329"]
[BlackElo "2260"]
[PlyCount "108"]
[EventDate "2002.07.26"]
[EventType "swiss"]
[EventRounds "5"]
[EventCountry "CAN"]

1. e4 c5 2. c3 Nf6 3. e5 Nd5 4. d4 cxd4 5. Nf3 e6 6. cxd4 d6 7. Bc4 Nc6 8. O-O
Nb6 9. Bd3 dxe5 10. dxe5 Nb4 11. Bb5+ Bd7 12. Nc3 Bxb5 13. Nxb5 a6 14. Nc3 Qxd1
15. Rxd1 Be7 16. a3 Nc6 17. Bf4 O-O 18. Be3 Nc4 19. Rd7 b5 20. b4 Rfd8 21. Rc7
Rac8 22. Rxc8 Rxc8 23. Ne4 N6xe5 24. Nxe5 Nxe5 25. Bc5 Bxc5 26. Nxc5 a5 27. Nb7
axb4 28. axb4 Nd3 29. Nd6 Rc1+ 30. Rxc1 Nxc1 31. Nxb5 Nd3 32. Kf1 Nxb4 33. Ke2
Kf8 34. f4 Ke7 35. Kf3 Kd7 36. g4 Kc6 37. Nc3 f6 38. h4 Kc5 39. h5 f5 40. g5
Nc6 41. Ke3 Kb4 42. Ne2 Kc4 43. Ng3 Ne7 44. Ne2 Nd5+ 45. Kf3 Nb4 46. Ng3 Kd3
47. h6 gxh6 48. gxh6 Nd5 49. Nh5 Kd4 50. Ng7 Nc7 51. Nh5 Ne8 52. Ng7 Nc7 53.
Nh5 Ne8 54. Ng7 Nc7 1/2-1/2

[Event "CMA Futurity qualifier"]
[Site "Toronto CAN"]
[Date "2002.07.27"]
[Round "3"]
[White "Vaingorten, Yaaqov"]
[Black "Radulovic, Dusko"]
[Result "1-0"]
[WhiteElo "2343"]
[BlackElo "2300"]
[PlyCount "109"]
[EventDate "2002.07.26"]
[EventType "swiss"]
[EventRounds "5"]
[EventCountry "CAN"]

1. d4 d5 2. c4 e6 3. Nf3 c5 4. cxd5 exd5 5. Nc3 Nc6 6. g3 Nf6 7. Bg2 Be7 8. O-O
O-O 9. Bg5 cxd4 10. Nxd4 h6 11. Be3 Bg4 12. Qa4 Qd7 13. Rfd1 Bh3 14. Bh1 Rfd8
15. Nb3 Qf5 16. Qb5 Ng4 17. Be4 Qf6 18. Nxd5 Qe6 19. Bh1 Nxe3 20. Nxe3 Rab8 21.
Nd5 Bd6 22. Rd2 Kh8 23. Rad1 Bf5 24. Nc5 Bxc5 25. Qxc5 Be4 26. Bxe4 Qxe4 27.
Nc3 Qe8 28. Nb5 Rxd2 29. Rxd2 a6 30. Nd6 Qe6 31. Qc4 Qxc4 32. Nxc4 b5 33. Nd6
Kg8 34. Ne4 Rd8 35. Rxd8+ Nxd8 36. Kf1 Kf8 37. Ke1 Ke7 38. Kd2 Ne6 39. g4 Kd7
40. e3 Kc6 41. Kd3 Kd5 42. b4 Nd8 43. f4 Nc6 44. a3 g6 45. Nc5 Nb8 46. e4+ Kd6
47. h4 f6 48. Ke3 Kc7 49. Kd4 Kd6 50. e5+ fxe5+ 51. fxe5+ Kc6 52. h5 gxh5 53.
gxh5 Kb6 54. Kd5 Nc6 55. Nxa6 1-0

[Event "CMA Futurity qualifier"]
[Site "Toronto CAN"]
[Date "2002.07.28"]
[Round "4"]
[White "Divljan, Igor"]
[Black "Buscar, Michael"]
[Result "1-0"]
[WhiteElo "2260"]
[BlackElo "2060"]
[PlyCount "67"]
[EventDate "2002.07.26"]
[EventType "swiss"]
[EventRounds "5"]
[EventCountry "CAN"]

1. d4 d5 2. c4 e6 3. Nc3 c5 4. cxd5 exd5 5. Nf3 Nc6 6. g3 Nf6 7. Bg2 Be7 8. O-O
O-O 9. Bg5 c4 10. Ne5 Be6 11. f4 Ng4 12. Nxg4 Bxg4 13. Bxd5 Bxg5 14. fxg5 Qxg5
15. Rf4 Rad8 16. Qd2 h5 17. e4 Bh3 18. Qf2 Kh8 19. e5 Nb4 20. Bxc4 Be6 21. a3
Nd5 22. Bxd5 Bxd5 23. Nxd5 Rxd5 24. e6 f6 25. Re1 Re8 26. Qc2 f5 27. Qa4 b5 28.
Qxa7 Qe7 29. Qxe7 Rxe7 30. Re5 Rxe5 31. dxe5 Rxe6 32. Rxf5 g6 33. Rf6 Rxe5 34.
Rxg6 1-0

[Event "CMA Futurity qualifier"]
[Site "Toronto CAN"]
[Date "2002.07.28"]
[Round "4"]
[White "Findlay, Ian"]
[Black "Ochkoos, Jura"]
[Result "1/2-1/2"]
[WhiteElo "2382"]
[BlackElo "2329"]
[PlyCount "57"]
[EventDate "2002.07.26"]
[EventType "swiss"]
[EventRounds "5"]
[EventCountry "CAN"]

1. e4 e5 2. Nf3 d6 3. d4 exd4 4. Nxd4 Nf6 5. Nc3 Be7 6. Bc4 O-O 7. O-O Nc6 8.
Re1 Nxd4 9. Qxd4 Nd7 10. Nd5 Bf6 11. Nxf6+ Qxf6 12. Qxf6 Nxf6 13. e5 dxe5 14.
Rxe5 Bd7 15. Bf4 Rfe8 16. Rd1 Be6 17. Bxe6 fxe6 18. Kf1 Kf7 19. c4 Rad8 20.
Ree1 Rxd1 21. Rxd1 e5 22. Bg3 Ke6 23. f3 Kf5 24. b3 h5 25. Be1 e4 26. Bc3 exf3
27. gxf3 Re3 28. Bxf6 Kxf6 29. Kf2 1/2-1/2

[Event "CMA Futurity qualifier"]
[Site "Toronto CAN"]
[Date "2002.07.28"]
[Round "4"]
[White "Manalo, Pepin"]
[Black "Boross Harmer, Peter"]
[Result "1/2-1/2"]
[WhiteElo "1895"]
[BlackElo "2023"]
[PlyCount "82"]
[EventDate "2002.07.26"]
[EventType "swiss"]
[EventRounds "5"]
[EventCountry "CAN"]

1. e4 c6 2. c4 d5 3. cxd5 cxd5 4. exd5 Qxd5 5. Nc3 Qa5 6. d4 g6 7. Bc4 Bg7 8.
Nge2 Nf6 9. Bf4 O-O 10. O-O a6 11. a4 Nbd7 12. Qd3 Nb6 13. Ba2 Bf5 14. Qf3 Ra7
15. h3 Qb4 16. g4 Bd7 17. Rfd1 Bxa4 18. Nxa4 Nxa4 19. Bb3 b5 20. Bd2 Qd6 21.
Bxa4 bxa4 22. Rxa4 Nd5 23. Nc3 Rd8 24. Ra5 Qf6 25. Qe4 Nc7 26. Be3 Raa8 27. Qb7
Qd6 28. Rc5 Ne6 29. Rc6 Qd7 30. Qxd7 Rxd7 31. d5 Nc7 32. Rc5 Be5 33. Kg2 Rb8
34. Rd2 Rb3 35. f4 Bd6 36. Rc6 Kg7 37. Kf3 f6 38. Bb6 Nb5 39. Ba5 Ra7 40. Ke4
Kf7 41. h4 Kg7 1/2-1/2

[Event "CMA Futurity qualifier"]
[Site "Toronto CAN"]
[Date "2002.07.28"]
[Round "4"]
[White "Miller, Evgeny"]
[Black "Vaingorten, Yaaqov"]
[Result "1-0"]
[WhiteElo "2191"]
[BlackElo "2343"]
[PlyCount "228"]
[EventDate "2002.07.26"]
[EventType "swiss"]
[EventRounds "5"]
[EventCountry "CAN"]

1. e4 e6 2. d4 c5 3. c3 Nc6 4. Nf3 cxd4 5. cxd4 d5 6. e5 Nge7 7. Bd3 Nf5 8.
Bxf5 exf5 9. O-O Be6 10. Nc3 Be7 11. Qb3 Qd7 12. Rd1 h6 13. Ne1 f6 14. f4 fxe5
15. dxe5 d4 16. Qb5 O-O 17. Kh1 Rfd8 18. Ne2 a6 19. Qd3 b5 20. b3 Nb4 21. Qd2
d3 22. Nc3 Rac8 23. Ba3 Nc2 24. Bxe7 Qxe7 25. Rac1 Nxe1 26. Rxe1 Rc7 27. Re3
Rcd7 28. Nd1 Rd4 29. Nf2 Bd5 30. Kg1 Ba8 31. Rce1 Qb7 32. Rg3 Qa7 33. Ree3 Be4
34. Nxe4 fxe4 35. f5 Re8 36. f6 g5 37. Rh3 Kh7 38. Qf2 Kg6 39. Rxd3 exd3 40. f7
Qxf7 41. Qxd4 Qf5 42. Rf3 Qxe5 43. Qxd3+ Kg7 44. Qd7+ Re7 45. Qc8 Qe1+ 46. Rf1
Qe3+ 47. Kh1 Rf7 48. Rxf7+ Kxf7 49. Qf5+ Kg7 50. h3 Qe7 51. Kg1 Qd6 52. Qe4 b4
53. Qb7+ Kf6 54. Qf3+ Ke5 55. Qe3+ Kd5 56. Qd3+ Kc5 57. Qc4+ Kb6 58. Kh1 a5 59.
Qe4 Qf6 60. Qe3+ Kb7 61. Qe4+ Kc7 62. Qe2 Kb6 63. Qe3+ Kb5 64. Qe2+ Kc5 65.
Qc4+ Kb6 66. Qe2 Qg6 67. Qe3+ Kc6 68. Qc1+ Kd6 69. Qd2+ Ke5 70. Qe3+ Qe4 71.
Qc5+ Qd5 72. Qe3+ Kf5 73. Qf2+ Ke5 74. Qe3+ Qe4 75. Qc5+ Kf4 76. Qf2+ Ke5 77.
Qc5+ Qd5 78. Qe3+ Kf5 79. Qf2+ Kg6 80. Qb6+ Kh5 81. Qf6 a4 82. Kh2 Qd2 83. Qf7+
Kh4 84. Qc4+ Kh5 85. bxa4 Qd6+ 86. Kg1 Qd1+ 87. Kf2 Kg6 88. Qg8+ Kf6 89. Qf8+
Kg6 90. Qxb4 Qc2+ 91. Ke3 Qxa2 92. a5 Kh5 93. Qg4+ Kg6 94. Qe4+ Kf6 95. Qc6+
Ke5 96. Qe8+ Kd6 97. Qf8+ Kc6 98. Qxh6+ Kb7 99. a6+ Ka7 100. Qxg5 Qa3+ 101. Kf2
Qb2+ 102. Kf3 Kxa6 103. Qg6+ Ka5 104. Qf5+ Ka6 105. Qd3+ Ka7 106. Qe3+ Ka8 107.
g4 Qh2 108. Ke4 Qg2+ 109. Kf5 Qf1+ 110. Kg5 Qf8 111. Qe4+ Ka7 112. Qd4+ Ka8
113. Qd5+ Ka7 114. Qf5 Qg7+ 1-0

[Event "CMA Futurity qualifier"]
[Site "Toronto CAN"]
[Date "2002.07.28"]
[Round "4"]
[White "Radulovic, Dusko"]
[Black "Noritsyn, Nikolay"]
[Result "1-0"]
[WhiteElo "2300"]
[BlackElo "2065"]
[PlyCount "99"]
[EventDate "2002.07.26"]
[EventType "swiss"]
[EventRounds "5"]
[EventCountry "CAN"]

1. d4 d5 2. Nf3 e6 3. c4 c5 4. cxd5 exd5 5. g3 Nc6 6. Bg2 Nf6 7. O-O Be7 8. Nc3
O-O 9. Bg5 Be6 10. Rc1 c4 11. Ne5 Rc8 12. f4 Nxd4 13. Bxf6 gxf6 14. e3 fxe5 15.
exd4 exf4 16. gxf4 Qd7 17. Qf3 f5 18. Nxd5 Rfd8 19. Nxe7+ Qxe7 20. Qe3 Qd6 21.
Rf2 b6 22. d5 Bxd5 23. Rd1 Qg6 24. Rfd2 Re8 25. Qc3 Bf7 26. Kh1 Qg7 27. Qa3 a5
28. Rg1 Bg6 29. Qd6 c3 30. bxc3 Rxc3 31. Qxb6 Rce3 32. Qxa5 Re1 33. Rd1 Rxd1
34. Rxd1 Kh8 35. a4 Qb2 36. Qb5 Qc2 37. Rg1 Bf7 38. Qb4 h6 39. Qd4+ Kh7 40. Qf6
Be6 41. Bf3 Rg8 42. Qxe6 Rxg1+ 43. Kxg1 Qc5+ 44. Kg2 Qc2+ 45. Kg3 Qxa4 46.
Qxf5+ Kg7 47. Qe5+ Kf7 48. Bh5+ Kf8 49. Qf6+ Kg8 50. Bf7+ 1-0

[Event "CMA Futurity qualifier"]
[Site "Toronto CAN"]
[Date "2002.07.28"]
[Round "5"]
[White "Findlay, Ian"]
[Black "Divljan, Igor"]
[Result "1-0"]
[WhiteElo "2382"]
[BlackElo "2260"]
[PlyCount "33"]
[EventDate "2002.07.26"]
[EventType "swiss"]
[EventRounds "5"]
[EventCountry "CAN"]

1. e4 c5 2. Nf3 e6 3. d4 cxd4 4. Nxd4 Nc6 5. Nc3 Qc7 6. Be2 a6 7. O-O Nf6 8.
Be3 Bb4 9. Na4 O-O 10. Nxc6 bxc6 11. c4 Nxe4 12. Qd4 Qa5 13. Qxe4 Qxa4 14. c5
f5 15. Qd4 f4 16. Bd2 a5 17. a3 1-0

[Event "CMA Futurity qualifier"]
[Site "Toronto CAN"]
[Date "2002.07.28"]
[Round "5"]
[White "Noritsyn, Nikolay"]
[Black "Buscar, Michael"]
[Result "1-0"]
[WhiteElo "2065"]
[BlackElo "2074"]
[PlyCount "62"]
[EventDate "2002.07.26"]
[EventType "swiss"]
[EventRounds "5"]
[EventCountry "CAN"]

1. e4 e5 2. Nf3 Nf6 3. Nc3 Nc6 4. Bb5 Bc5 5. Nxe5 Nxe5 6. d4 Bd6 7. dxe5 Bxe5
8. O-O O-O 9. Bd3 d5 10. Nxd5 c6 11. Nxf6+ Qxf6 12. c3 Bc7 13. Be3 Rd8 14. f4
Qg6 15. Qc2 Qh5 16. Rae1 Be6 17. b3 a5 18. e5 a4 19. c4 Ba5 20. Re2 Rxd3 21.
Qxd3 Rd8 22. Qc2 Bf5 23. g4 Bxc2 24. gxh5 Bd3 25. Kf2 Bxe2 26. Kxe2 axb3 27.
axb3 Kf8 28. Ra1 Bb4 29. Ra7 b6 30. Ra6 Ba5 31. Bxb6 Rd2+ 1-0

[Event "CMA Futurity qualifier"]
[Site "Toronto CAN"]
[Date "2002.07.28"]
[Round "5"]
[White "Ochkoos, Jura"]
[Black "Miller, Evgeny"]
[Result "1-0"]
[WhiteElo "2349"]
[BlackElo "2191"]
[PlyCount "62"]
[EventDate "2002.07.26"]
[EventType "swiss"]
[EventRounds "5"]
[EventCountry "CAN"]

1. e4 c6 2. d4 d5 3. e5 Bf5 4. Nc3 e6 5. g4 Bg6 6. Nge2 Ne7 7. Be3 Nd7 8. h4 h6
9. f4 h5 10. f5 exf5 11. g5 Qb6 12. Na4 Qa5+ 13. c3 b5 14. Nc5 Nxc5 15. dxc5 f4
16. b4 Qd8 17. Bxf4 Be4 18. Rh2 Ng6 19. Bg3 Qe7 20. Qd4 a5 21. a3 Bf5 22. Kd2
a4 23. Re1 O-O-O 24. Qf2 Be4 25. Nd4 Kb7 26. Bxb5 cxb5 27. Qe2 Kc8 28. Qxb5 Qb7
29. Qa5 Ne7 30. e6 fxe6 31. b5 g6 1-0

[Event "CMA Futurity qualifier"]
[Site "Toronto CAN"]
[Date "2002.07.28"]
[Round "5"]
[White "Raheb, David"]
[Black "Radulovic, Dusko"]
[Result "1-0"]
[WhiteElo "2228"]
[BlackElo "2300"]
[PlyCount "63"]
[EventDate "2002.07.26"]
[EventType "swiss"]
[EventRounds "5"]
[EventCountry "CAN"]

1. e4 e6 2. d4 d5 3. Nc3 Nf6 4. e5 Nfd7 5. f4 c5 6. Nf3 Nc6 7. Be3 a6 8. Qd2 b5
9. Ne2 Nb6 10. b3 c4 11. g3 a5 12. Bh3 Bb4 13. c3 Be7 14. O-O b4 15. Qc2 g6 16.
Nd2 Ba6 17. Rf2 h5 18. f5 gxf5 19. bxc4 Nxc4 20. Nxc4 Bxc4 21. Bxf5 Bxe2 22.
Qxe2 exf5 23. Rxf5 Qd7 24. Raf1 Nd8 25. c4 Rc8 26. e6 fxe6 27. Rxh5 Rf8 28. Rh7
Rxf1+ 29. Kxf1 Nf7 30. Rxf7 dxc4 31. Qh5 Qd5 32. Rf5+ 1-0

[Event "CMA Futurity qualifier"]
[Site "Toronto CAN"]
[Date "2002.07.28"]
[Round "5"]
[White "Senecal, Jean-Pierre"]
[Black "Boross Harmer, Peter"]
[Result "0-1"]
[WhiteElo "1545"]
[BlackElo "2023"]
[PlyCount "56"]
[EventDate "2002.07.26"]
[EventType "swiss"]
[EventRounds "5"]
[EventCountry "CAN"]

1. e4 c6 2. Nf3 d5 3. e5 Bg4 4. c3 e6 5. d4 Nd7 6. Be2 Ne7 7. Nbd2 c5 8. O-O
Nc6 9. Qa4 Nb6 10. Qd1 Be7 11. b3 a6 12. Ba3 cxd4 13. Bxe7 Qxe7 14. Nxd4 Bxe2
15. Qxe2 Rc8 16. Rac1 Qa3 17. Nb1 Nxd4 18. cxd4 Qxc1 19. h3 Qf4 20. Qd1 O-O 21.
g3 Qf5 22. Kg2 Qc2 23. a4 Qxd1 24. Rxd1 Rc2 25. Rd3 Rfc8 26. Rf3 Rc1 27. Nd2
Rd1 28. Nf1 Rcc1 0-1

[Event "CMA Futurity qualifier"]
[Site "Toronto CAN"]
[Date "2002.07.28"]
[Round "5"]
[White "Vaingorten, Yaaqov"]
[Black "Manalo, Pepin"]
[Result "1-0"]
[WhiteElo "2343"]
[BlackElo "1895"]
[PlyCount "47"]
[EventDate "2002.07.26"]
[EventType "swiss"]
[EventRounds "5"]
[EventCountry "CAN"]

1. e4 e6 2. d4 d5 3. Nc3 Nf6 4. Bg5 Be7 5. e5 Nfd7 6. h4 h6 7. Bxe7 Qxe7 8. Bd3
Qb4 9. Nf3 a6 10. a3 Qxb2 11. Na4 Qxa1 12. Qxa1 b5 13. Nc5 Nxc5 14. dxc5 Bb7
15. Qd4 Nc6 16. Qg4 Rg8 17. O-O O-O-O 18. a4 f5 19. exf6 gxf6 20. Qxe6+ Kb8 21.
axb5 axb5 22. Bxb5 Na7 23. Rb1 Nxb5 24. Rxb5 1-0

[Event "CMA Futurity qualifier playoff"]
[Site "Toronto CAN"]
[Date "2002.07.29"]
[Round "1"]
[White "Ochkoos, Jura"]
[Black "Findlay, Ian"]
[Result "1/2-1/2"]
[WhiteElo "2329"]
[BlackElo "2382"]
[PlyCount "75"]
[EventDate "2002.07.29"]
[EventType "match"]
[EventRounds "2"]
[EventCountry "CAN"]

1. e4 c5 2. c3 d5 3. exd5 Qxd5 4. d4 cxd4 5. cxd4 Nf6 6. Nc3 Qd6 7. Nf3 e6 8.
Bc4 Be7 9. O-O O-O 10. Nb5 Qd8 11. Bf4 Nc6 12. Re1 a6 13. Nc3 b5 14. Bb3 Nb4
15. a3 Nbd5 16. Nxd5 Nxd5 17. Be5 Bb7 18. Qd2 Rc8 19. Rac1 Qd7 20. Bg3 Rxc1 21.
Rxc1 Rc8 22. Ne5 Qd8 23. Rxc8 Qxc8 24. Qc2 Qxc2 25. Bxc2 f5 26. f3 Bf6 27. Bd3
g5 28. Be1 Bxe5 29. dxe5 Kf7 30. Bd2 h6 31. Bc2 Ne7 32. h4 Ng6 33. hxg5 hxg5
34. Bc3 Nf4 35. Bd2 Ng6 36. Bc3 Nf4 37. Bd2 Ng6 38. Bc3 1/2-1/2